000 00644nam a22001817a 4500
999 _c187210
_d187210
005 20220406114217.0
010 _aENG-132231
020 _a9789391504083
_c595.00
035 _aEN-115763
037 _bDBAD/PUB
082 _a303.625
100 _aSWAMY, SUBRAMANIAN
245 _aHuman Right and Terrorism in India;
_b
_cSubramanian Swamy
260 _aNew Delhi
_bHar-anand Publication PVT LTD
_c2021
270 _aE-49/3, Okhla industrial Area, Phase-II New Delhi
_bNew Delhi
_e110020
_k41603490
_minfo@haranandbook.com
300 _a159p.
_bBibliography ,Appendix ,postscript
_c23cm(hbk)
942 _2ddc
_cEN
_mSWA
_h303.625